| 000 | 00729nam a22002177a 4500 | ||
|---|---|---|---|
| 999 |
_c4652 _d4652 |
||
| 003 | AR-CdUCM | ||
| 008 | 190311b ||||| |||| 00| 0 spa d | ||
| 020 | _a9978-42-493-8 | ||
| 040 |
_aMUNICIPALIDAD PROVINCIAL DEL CUSCO _cBIBLIOTECA MUNICIPAL DEL CUSCO |
||
| 082 |
_a868.62 / _bM19 |
||
| 100 |
_aMaldonado A, Aurelio _91959 |
||
| 245 | _aVuelo de una pluma / | ||
| 260 |
_aCuenca : _bGrafisum, _c2002. |
||
| 300 |
_a197 paginas ; _c20 cm. |
||
| 505 | _aContenido . Tic tac -- Que día -- Que triste -- ¿Que es la muerte ? -- Que simple es el morir ... | ||
| 650 |
_aPoesía ecuatoriana _91692 |
||
| 650 |
_aLiteratura latinoamericana _91143 |
||
| 650 |
_aLiteratura universal _9611 |
||
| 942 |
_2ddc _cLIBROS |
||
| 945 | _arah | ||